Scènes du foyer (Record no. 159552)
[ view plain ]
| 000 -LEADER | |
|---|---|
| campo de control de longitud fija | 00533nam a22001695i 4500 |
| 001 - NÚMERO DE CONTROL | |
| campo de control | 159552 |
| 003 - IDENTIFICADOR DE NÚMERO DE CONTROL | |
| campo de control | ES-MaACL |
| 005 - FECHA Y HORA DE LA ÚLTIMA TRANSACCIÓN | |
| campo de control | 20230906211640.0 |
| 008 - DATOS DE LONGITUD FIJA--INFORMACIÓN GENERAL | |
| campo de control de longitud fija | 040914s1856 fr |||| | fre d |
| 040 ## - FUENTE DE CATALOGACIÓN | |
| Centro catalogador/agencia de origen | CAM |
| Lengua de catalogación | spa |
| Centro/agencia transcriptor | CAM |
| 100 1# - ENTRADA PRINCIPAL--NOMBRE DE PERSONA | |
| Nombre de persona | Meurice, Paul. |
| 9 (RLIN) | 129884 |
| 245 10 - MENCIÓN DEL TÍTULO | |
| Título | Scènes du foyer |
| Resto del título | : la famille Aubry / |
| Mención de responsabilidad, etc. | par Paul Meurice. |
| 250 ## - MENCION DE EDICION | |
| Mención de edición | Nouvelle éd. |
| 260 ## - PUBLICACIÓN, DISTRIBUCIÓN, ETC. | |
| Lugar de publicación, distribución, etc. | Paris : |
| Nombre del editor, distribuidor, etc. | Michel Lévy Frères, |
| Fecha de publicación, distribución, etc. | 1856 ( |
| Fabricante | Imprimerie de L. Tinterlin et cie.) |
| 300 ## - DESCRIPCIÓN FÍSICA | |
| Extensión | 356 p. ; |
| Dimensiones | 18 cm. |
| 852 ## - LOCALIZACIÓN | |
| Ubicación | ES-MaACL |
| Número de control de estantería | G-11147 |
| Nota libre | -- Enc. hol. |
| Estatus retirado | Estado de pérdida | Estado de daño | No para préstamo | Colección | Biblioteca de origen | Biblioteca actual | Ubicación en estantería | Fecha de adquisición | Fuente de adquisición | Total de préstamos | Signatura topográfica completa | Código de barras | Visto por última vez | Precio de reemplazo | Tipo de ítem Koha |
|---|---|---|---|---|---|---|---|---|---|---|---|---|---|---|---|
| Libros del s. XIX | Biblioteca del Ateneo de Madrid | Biblioteca del Ateneo de Madrid | Sala Pecera Planta 3 | 17/01/2008 | G-11147 | 1167031 | 23/02/2023 | 23/02/2023 | Libro impreso antiguo |
